|
|
|
|
| LEADER |
00585nam a22001937a 4500 |
| 005 |
20160820112351.0 |
| 008 |
090818t xxu||||| |||| 00| 0 eng d |
| 082 |
|
|
|a 336.1/.5
|b CUL
|
| 100 |
|
|
|a Cullis,John
|9 923
|
| 245 |
|
|
|a Public finance and public choice
|
| 250 |
|
|
|a 2
|
| 300 |
|
|
|a xxii,422p.
|
| 653 |
|
|
|a public
|a finance
|
| 700 |
|
|
|a jones,Phillip
|9 922
|
| 942 |
|
|
|c BK
|6 _
|
| 260 |
|
|
|a London
|b Oxford University
|c 1998
|
| 020 |
|
|
|a 0198775792
|
| 999 |
|
|
|c 168905
|d 168905
|
| 952 |
|
|
|0 0
|1 0
|2 ddc
|4 0
|6 33615_CUL
|7 0
|9 219547
|a DAE
|b DAE
|d 2009-08-18
|o 336.1/.5 CUL
|p ECO07564
|r 2016-08-20
|w 2016-08-20
|y BK
|